000 00624nam a22001931 4500
082 0 0 _a624.1834
_bTRO
_cD
100 1 _aTroxell, George Earl,
_93509
245 1 0 _aComposition and properties of concrete
_c[by] George Earl Troxell, Harmer E. Davis [and] Joe W. Kelly.
250 _a2d ed.
260 _aNew York,
_bMcGraw-Hill
_c[1968]
300 _a529 p.
_billus.
_c23 cm.
490 0 _aMcGraw-Hill civil engineering series
526 _a0
_b0
_c0
_d624_183400000000000_TRO
650 0 _aConcrete.
650 0 _aMCE
_9379
700 1 _aDavis, Harmer Elmer,
_93510
700 1 _aKelly, Joe Wallace,
_939626
942 _2ddc
_cBK
999 _c546964
_d546964